000
00300nam a22001337a 4500
008
210302b ||||| |||| 00| 0 eng d
020
_a
9780077862466
041
_a
eng
080
_2
6th
_a
32
100
_a
21
101
_a
SHH
245
_a
Essentials of Negotiation
_c
Lewicki,J.R
942
_2
udc
_c
BK
999
_c
55516
_d
55516